|
|
|
|
| LEADER |
00704nam a22001817a 4500 |
| 082 |
|
|
|b 407
|a GOV/G
|
| 100 |
|
|
|a ഗോവിന്ദന് കുട്ടി നായ൪ ഉള്ളാട്ടില്
|9 251832
|
| 100 |
|
|
|a Govindan Kutty Nair Ullattil
|9 251833
|
| 240 |
|
|
|a Ghandapatham
|
| 245 |
|
|
|a ഘണ്ടാപഥം
|
| 250 |
|
|
|a 1st
|
| 260 |
|
|
|a Kozhikode;
|b P K Brothers;
|
| 300 |
|
|
|a 139p.
|
| 650 |
|
|
|a മലയാളം; ഭാഷാപഠനം
|9 251834
|
| 650 |
|
|
|a Malayalam; Language Study
|9 251835
|
| 942 |
|
|
|c BK
|
| 999 |
|
|
|c 48276
|d 48276
|
| 952 |
|
|
|0 0
|1 0
|4 0
|6 407_000000000000000_GOV_G
|7 0
|8 LanStu
|9 56841
|a MAL
|b MAL
|d 2016-02-24
|e 4869
|l 0
|o 407 GOV/G
|p MAL004869
|r 2016-02-24
|t 1
|w 2019-07-30
|y BK
|